Najlepsi strzelcy Ligi Mistrzów - Statystyki

Ogólne statystyki
  • Ten quiz został rozwiązany 72 razy
  • Średni wynik to 29 z 69
Statystyki odpowiedzi
sezon bramki piłkarz % Poprawnych
2007/08 8 Cristiano Ronaldo
100%
2012/13 12 Cristiano Ronaldo
100%
2013/14 17 Cristiano Ronaldo
100%
2015/16 16 Cristiano Ronaldo
100%
2016/17 12 Cristiano Ronaldo
100%
2017/18 15 Cristiano Ronaldo
100%
2014/15 10 Lionel Messi/Neymar/Cristiano Ronaldo
100%
2019/20 15 Robert Lewandowski
98%
2008/09 9 Lionel Messi
97%
2009/10 8 Lionel Messi
97%
2010/11 12 Lionel Messi
97%
2011/12 14 Lionel Messi
97%
2018/19 12 Lionel Messi
97%
2023/24 8 Harry Kane/Kylian Mbappé
83%
2021/22 15 Karim Benzema
82%
2020/21 10 Erling Haaland
77%
2022/23 12 Erling Haaland
77%
1999/00 10 Raúl González/Rivaldo/Mário Jardel
66%
2006/07 10 Kaká
57%
1957/58 10 Alfredo Di Stéfano
55%
2000/01 7 Raúl González
55%
1974/75 5 Eduard Markarow/Gerd Müller
52%
1976/77 5 Franco Cucinotta/Gerd Müller
52%
1972/73 11 Gerd Müller
52%
1973/74 8 Gerd Müller
52%
1998/99 8 Andrij Szweczenko/Dwight Yorke
48%
1964/65 9 José Augusto Torres/Eusébio
48%
1988/89 10 Marco van Basten
48%
1963/64 7 Vladica Kovačević/Sandro Mazzola/Ferenc Puskás
48%
1959/60 12 Ferenc Puskás
46%
1961/62 7 Ferenc Puskás
46%
2005/06 9 Andrij Szewczenko
43%
1967/68 6 Eusébio
40%
1965/66 7 Flórián Albert/Eusébio
40%
1989/90 6 Romário/Jean-Pierre Papin
32%
1984/85 7 Torbjörn Nilsson/Michel Platini
32%
1997/98 10 Alessandro Del Piero
31%
1992/93 7 Romário
29%
2003/04 9 Fernando Morientes
28%
1990/91 6 Peter Pacult/Jean-Pierre Papin
23%
1994/95 7 George Weah
22%
1991/92 7 Jean-Pierre Papin/Siergiej Juran
22%
2001/02 10 Ruud van Nisterlooy
18%
2002/03 12 Ruud van Nisterlooy
18%
2004/05 8 Ruud van Nisterlooy
18%
1982/83 6 Paolo Rossi
17%
1980/81 6 Terry McDermott/Karl-Heinz Rummenigge/Graeme Souness
17%
1968/69 9 Denis Law
15%
1987/88 4 Petar Novák/René van der Gijp/Rabah Madjer/Ally McCoist/Rui Águas/Gheorghe Hagi/Míchel
14%
1993/94 8 Ronald Koeman/Wynton Rufer
12%
1995/96 9 Jari Litmanen
11%
1958/59 10 Just Fontaine
11%
1985/86 7 Torbjörn Nilsson
11%
1977/78 5 Allan Simonsen
6%
1962/63 14 José Altafini
6%
1970/71 10 Antomis Antoniadis
5%
1981/82 7 Dieter Hoeneß
5%
1960/61 11 José Águas
5%
1975/76 6 Jupp Heynckes
5%
1996/97 5 Milinko Pantić
5%
1979/80 10 Søren Lerby
5%
1971/72 5 Antal Dunai/Lou Macari/Silvester Takač
3%
1986/87 7 Borislav Cvetković
3%
1978/79 11 Claudio Sulser
3%
1956/57 9 Dennis Viollet
3%
1969/70 8 Mick Jones
3%
1955/56 8 Miloš Milutinović
3%
1966/67 6 Paul Van Himst
3%
1983/84 6 Viktor Sokol
3%
Nie znaleziono quizów pasujących do podanych kryteriów
Rozkład punktacji
Procent ludzi z każdym wynikiem
Percentyl według liczby udzielonych odpowiedzi
Twoja historia wyników
Nie rozwiązałeś tego quizu